000 00625cam a2200193 4500
001 D15458
008 090401t1982 xxu||||| |||| 00| 0 eng d
035 _a(Sirsi) u22984
041 _aeng
050 _a690.23
110 _aRoyal Institution of Chartered Surveyors
_94900
245 _aGuide to house rebuilding costs for insurance valuation. 1982/83 edition
260 _bRICS
_c1982
300 _a56p. 30cm
350 _a0
520 _aFiled in box RICS 1982/51 ABC ;Prepared on behalf of the British Insurance Association by the Building Cost Information Service of the RICS
942 _n0
948 _c04/03/1997
999 _c88292
_d88292